10 Famous People from Peru - Statistics

General Stats
  • This quiz has been taken 30 times
  • The average score is 3 of 10
Answer Stats
Hint Answer % Correct
President of Peru from 1990 to 2000 Alberto Fujimori
70%
Novelist who won the Nobel Prize in Literature in 2010 Mario Vargas Llosa
56%
Peru's greatest ever footballer who played as an attacking midfielder Teófilo Cubillas
52%
13th and last emperor of the Incas, killed by Spanish conquistadors Atahualpa
48%
Peru's all-time top goalscorer who played for Bayern Munich and Hamburger SV Paolo Guerrero
41%
Diplomat who served as the 5th Secretary-General of the UN from 1982 to 1991 Javier Pérez de Cuéllar
30%
Exotica music singer during the 1950s whose success was based on her extreme vocal range Yma Súmac
19%
Women who gave birth to a baby boy at the age of five, becoming the youngest confirmed mother Lina Medina
11%
Poet considered one of the great poetic innovators of the 20th century in any language César Vallejo
7%
Actor who starred in TV series Lost and The 100 Henry Ian Cusick
7%
No matching quizzes found
Score Distribution
Percent of People with Each Score
Percentile by Number Answered
Your Score History
You have not taken this quiz